书目信息 |
| 题名: |
五代十国风云
|
|
| 作者: | 孙峰 著 | |
| 分册: | 卷一 | |
| 出版信息: | 北京 中国文史出版社 2019 |
|
| 页数: | 426页 | |
| 开本: | 24cm | |
| 丛书名: | ||
| 单 册: | ||
| 中图分类: | K243.09 | |
| 科图分类: | ||
| 主题词: | 古代史--gu dai shi--中国--五代十国时期--通俗读物 | |
| 电子资源: | ||
| ISBN: | 978-7-5205-1063-9 | |
| 000 | 01165nam0 2200253 450 | |
| 001 | 2160507419 | |
| 005 | 20210930170007.26 | |
| 010 | @a978-7-5205-1063-9@dCNY75.00 | |
| 100 | @a20190710d2019 em y0chiy50 ea | |
| 101 | 0 | @achi |
| 102 | @aCN@b110000 | |
| 105 | @ay z 000yy | |
| 106 | @ar | |
| 200 | 1 | @a五代十国风云@Awu dai shi guo feng yun@h卷一@f孙峰著 |
| 210 | @a北京@c中国文史出版社@d2019 | |
| 215 | @a426页@d24cm | |
| 300 | @a认认真真讲历史 | |
| 314 | @a孙峰,河南南阳人,长期致力于细说历史,天涯人气作家。 | |
| 330 | @a本书是系列丛书《认认真真讲历史》之一,是五代十国部分第一卷。本丛书是一系列讲历史读物,目前收编南北朝卷六册、三国卷两卷、隋唐卷九册、东晋卷五册、西晋卷三册、五代十国卷两册,全面、客观记录南北朝、三国和隋唐、两晋和五代十国的历史。五代十国部分共两卷,讲述从唐哀帝天佑四年(公元907年、朱温建梁之后改元为开平元年)朱温(朱全忠、称帝后改名朱晃)篡唐建梁,至后周世宗显德七年(公元960年、赵匡胤登基后改元为建隆元年),前后共计五十三年的历史。 | |
| 606 | 0 | @a古代史@Agu dai shi@y中国@z五代十国时期@j通俗读物 |
| 690 | @aK243.09@v5 | |
| 701 | 0 | @a孙峰@Asun feng@4著 |
| 801 | 0 | @aCN@b百万庄@c20210926 |
| 905 | @b1300559-562@dK243.09@e22:1@f4 | |
| 五代十国风云.卷一/孙峰著.-北京:中国文史出版社,2019 |
| 426页;24cm |
| 认认真真讲历史 |
| ISBN 978-7-5205-1063-9:CNY75.00 |
| 本书是系列丛书《认认真真讲历史》之一,是五代十国部分第一卷。本丛书是一系列讲历史读物,目前收编南北朝卷六册、三国卷两卷、隋唐卷九册、东晋卷五册、西晋卷三册、五代十国卷两册,全面、客观记录南北朝、三国和隋唐、两晋和五代十国的历史。五代十国部分共两卷,讲述从唐哀帝天佑四年(公元907年、朱温建梁之后改元为开平元年)朱温(朱全忠、称帝后改名朱晃)篡唐建梁,至后周世宗显德七年(公元960年、赵匡胤登基后改元为建隆元年),前后共计五十三年的历史。 |
| ● |
| 相关链接 |
|
|
|
|
正题名:五代十国风云
索取号:K243.09/22:1
 
预约/预借
| 序号 | 登录号 | 条形码 | 馆藏地/架位号 | 状态 | 备注 |
| 1 | 1300559 | 213005594 | 第二样本阅览室/ [索取号:K243.09/22:1] | 在馆 | |
| 2 | 1300560 | 213005601 | 第二借阅区/ [索取号:K243.09/22:1] | 在馆 | |
| 3 | 1300561 | 213005610 | 第二借阅区/ [索取号:K243.09/22:1] | 在馆 | |
| 4 | 1300562 | 213005629 | 第二借阅区/ [索取号:K243.09/22:1] | 在馆 |